banner-ar

A FIELD GUIDE TO MEDICINAL PLANTS: EASTERN AND CENTRAL NORTH AMERICA / (Record no. 13514)

MARC details
000 -الفاتح
حقل البيانات ثابتة الطول 00564nam a2200193Ia 4500
008 - عناصر البيانات ثابتة الطول - معلومات عامة
حقل البيانات ثابتة الطول 140319s9999 xx 000 0 eng d
040 ## - مصدر الفهرسة
وكالة الفهرسة الأصلية GCL /
وكالة النسخ GCL
082 04 - رقم تصنيف ديوى العشرى
رقم التصنيف 581.634079
رقم المادة F F
100 1# - المدخل الرئيسى - إسم شخصى
الإسم الشخصى FOSTER, STEVEN
245 10 - بيان العنوان
العنوان A FIELD GUIDE TO MEDICINAL PLANTS: EASTERN AND CENTRAL NORTH AMERICA /
بيان المسئوليه,etc FOSTER, STEVEN
700 1# - المدخل الاضافى - اسم شخصى
الإسم الشخصى DUKE, JAMES A
260 ## - PUBLICATION, DISTRIBUTION, ETC. (IMPRINT)
تاريخ النشر أو التوزيع 1990
300 ## - الوصف المادى
التعداد 366 P
650 04 - المدخل الاضافى بالموضوع-مصطلح موضوعى
مصطلح موضوعي MEDICAL PLANTS
650 04 - المدخل الاضافى بالموضوع-مصطلح موضوعى
مصطلح موضوعي IDENTIFICATIONS
650 04 - المدخل الاضافى بالموضوع-مصطلح موضوعى
مصطلح موضوعي NATIONAL WILDLIFE FEDERATION
942 ## - عناصر المدخل الإضافي( كوها)
مصدر التصنيف او مخطط الترفيف Dewey Decimal Classification
Koha [default] item type كتاب
260 ## - PUBLICATION, DISTRIBUTION, ETC. (IMPRINT)
-- [S.N] :
-- HOUGHTON MIFFLIN COMPANY ،
Holdings
حالة التراجع حالة الفقد حالة تلف ليس للاعارة المكان المؤقت الموقع الحالى تاريخ الاكتساب اجمالي اﻻعارات رقم الطلب الباركود تاريخ اخر مشاهدة تاريخ تفعيل السعر نوع وعاء كوها
        مكتبة القاهرة الكبرى مكتبة القاهرة الكبرى 03/26/2014   581.634079\F F 25825 03/26/2014 03/26/2014 كتاب

Powered By

EGPV